Normal view MARC view

Entry Topical Term

Number of records used in: 1

001 - CONTROL NUMBER

  • control field: 16016

003 - CONTROL NUMBER IDENTIFIER

  • control field: OSt

005 - DATE AND TIME OF LATEST TRANSACTION

  • control field: 20220420130108.0

008 - FIXED-LENGTH DATA ELEMENTS

  • fixed length control field: 220420|| aca||aabn | a|a d

040 ## - CATALOGING SOURCE

  • Original cataloging agency: OSt
  • Transcribing agency: OSt

150 ## - HEADING--TOPICAL TERM

  • Topical term or geographic name entry element: PERSONAL MANAGEMENT HAND BOOK MANNUAL

670 ## - SOURCE DATA FOUND

  • Source citation: Work cat.: (OSt): ARMSTRONG MICHEAL 5965, ARMSTRONG'S HAND BOOK OF HUMAN RESOURCE MANAGEMENT PRACTICE, 2014